Rozpoznaj Kraj po opisie cz.9 - Statystyki

Ogólne statystyki
  • Ten quiz został rozwiązany 42 razy
  • Średni wynik to 8 z 15
Statystyki odpowiedzi
Wskazówka Odpowiedź % Poprawnych
Jest to razem z Rosją kraj z największą ilością sąsiadów na Świecie. Chiny
97%
W 2022 roku uzyskał granicę z Danią poprzez małą wyspę (Hans). Kanada
79%
Jest to najmniejsze Państwo na Półwyspie Bałkańskim pod względem Ludności. Czarnogóra
64%
Ten kraj zaatakował Kuwejt w 1990 roku. Irak
64%
Jest to małe Państwo w Europie, które w 2019 roku z powodu kontrowersji zmieniło swoją nazwę. Macedonia Północna
64%
Pełna nazwa stolicy tego kraju to Krung Thep Mahanakhon Amon Rattanakosin Mahinthara Ayuthaya Mahadilok Phop Noppharat Ratchathani Burirom Udomratchaniwet Mahasathan Amon Piman Awatan Sathit Sakkathattiya Witsanukam Prasit. Tajlandia
55%
W tym kraju znajduje się delta drugiej największej rzeki w Europie (Dunaj). Rumunia
52%
Północna część tego afrykańskiego kraju jest osobnym krajem jednak nie ma ani jednego Państwa, które go uznaje. Somalia
48%
W tym kraju znajduje się siedziba komisji Unii Afrykańskiej. Etiopia
45%
Ten kraj nazywa się tak samo jak jedno z Wielkich jezior Afrykańskich. Malawi
45%
W 1994 roku to małe Państwo w Oceanii uzyskało niepodległość od USA. Palau
45%
W tym kraju został utworzony Skype. Estonia
42%
W 2008 roku w tym kraju hiperinflacja osiągneła 231 000 000% przez co banki stworzyły 10 milionowe banknoty. Zimbabwe
42%
Ten kraj nazywa się tak samo jak najgłębsza rzeka na Świecie. Kongo
39%
Jest to największe Państwo na Małych Antylach pod względem Ludności. Trynidad i Tobago
36%
Nie znaleziono quizów pasujących do podanych kryteriów
Rozkład punktacji
Procent ludzi z każdym wynikiem
Percentyl według liczby udzielonych odpowiedzi
Twoja historia wyników
Nie rozwiązałeś tego quizu